Manual de Derecho Procesal.

Αποθηκεύτηκε σε:
Λεπτομέρειες βιβλιογραφικής εγγραφής
Κύριος συγγραφέας: Orellana Torres, Fernando (autor)
Μορφή: Βιβλίο
Γλώσσα:Ισπανικά
Έκδοση: Santiago, Chile Librotecnia 2006
Έκδοση:Segunda edición
Θέματα:
Ετικέτες: Προσθήκη ετικέτας
Δεν υπάρχουν, Καταχωρήστε ετικέτα πρώτοι!

MARC

LEADER 00000nam a2200000 a 4500
001 UCI3576
003 CL-VaPUC
005 20240607123343.0
008 071116e20060900CL |||||||||||||||||spa|d
999 |c 327721  |d 327719 
020 |a 9567950261 
040 |c Pontificia Universidad Católica de Valparaíso 
082 0 4 |a 347.83 ORE 2006  |2 21 
100 |a Orellana Torres, Fernando  |e autor  |9 570392 
245 1 0 |a Manual de Derecho Procesal. 
250 |a Segunda edición 
260 0 3 |a Santiago, Chile  |b Librotecnia  |c 2006 
300 |a volumen. 
505 |a v.1: Derecho Procesal Penal. 
583 |a last modification  |c 20071116 00:00:00  |k Rodrigo Vera 
650 0 |a Derecho procesal penal  |9 255496 
650 0 |a Derecho civil  |9 255013 
650 0 |a Derecho procesal civil  |9 258071 
650 0 |a Jurisprudencia  |9 255952 
650 0 |a Arbitraje  |9 328491 
650 0 |a Magistrados  |9 328492 
650 0 |a Responsabilidad  |9 308399 
650 0 |a Jueces  |9 256162 
650 7 |a IMPARCIALIDAD  |2 CL-VaPUC  |9 328493 
650 0 |a Abogados  |9 256284 
650 0 |a Tribunales de justicia   |9 328494 
651 7 |a CHILE  |2 CL-VaPUC  |9 524958 
942 |c BK  |2 ddc 
945 |d 20071116 00:00:00  |a jtorresc 
952 |0 0  |1 0  |2 ddc  |4 0  |6 347_830000000000000_ORE_2006  |7 0  |8 A  |9 411070  |a BIBDER  |b BIBDER  |d 2019-11-22  |h v.1  |i 4370538  |l 1  |m 1  |o 347.83 ORE 2006  |p 4370538  |r 2023-06-27  |s 2023-06-16  |t 1  |w 2019-11-22  |y BK  |k DER